00386nam a2200133Ia 4500003000400000005001700004008004100021040000900062082001900071100002000090245008900110260004400199300000900243OSt20200622145348.0190216s9999||||xx |||||||||||||| ||und|| coclc a954.029bALA/C aAlam, Muzaffar  4aThe Crisis Of Empire In Mughal North India Awadh And Punjab 1707-48 /cMuzaffar Alam bOxford University Press,c1986.aDelhi: a365p